Eco chic or eco geek? (Record no. 78351)
[ view plain ]
| 000 -LEADER | |
|---|---|
| fixed length control field | 00962cab a2200193 4500 |
| 001 - CONTROL NUMBER | |
| control field | L136574 |
| 008 - FIXED-LENGTH DATA ELEMENTS--GENERAL INFORMATION | |
| fixed length control field | 070208n2007 000 0 eng u |
| 035 ## - SYSTEM CONTROL NUMBER | |
| System control number | (Sirsi) u136574 |
| 041 0# - LANGUAGE CODE | |
| Language code of text/sound track or separate title | eng |
| 110 2# - MAIN ENTRY--CORPORATE NAME | |
| Corporate name or jurisdiction name as entry element | Sponge Sustainability Network |
| 9 (RLIN) | 5116 |
| 245 00 - TITLE STATEMENT | |
| Title | Eco chic or eco geek? |
| Remainder of title | the desirability of sustainable homes executive summary |
| Medium | [electronic resource] |
| 260 ## - PUBLICATION, DISTRIBUTION, ETC. | |
| Date of publication, distribution, etc. | 2007 |
| 520 ## - SUMMARY, ETC. | |
| Summary, etc. | Intends to build upon previous research by charity Sponge in order to explore the desirability of sustainable homes to home owners, and understand what can be done to drive demand. The executive summary includes key research findings for government, key research findings for housebuilders and recommendations for each. |
| 590 ## - LOCAL NOTE (RLIN) | |
| Local note | KA |
| 651 #4 - SUBJECT ADDED ENTRY--GEOGRAPHIC NAME | |
| Geographic name | United Kingdom |
| Chronological subdivision | |
| 690 ## - LOCAL SUBJECT ADDED ENTRY--TOPICAL TERM (OCLC, RLIN) | |
| Topical term or geographic name as entry element | ENVIRONMENTAL AND LAND CONSULTANCY-SUSTAINABILITY |
| 856 40 - ELECTRONIC LOCATION AND ACCESS | |
| Uniform Resource Identifier | <a href="https://www.spongenet.org/index.php">https://www.spongenet.org/index.php</a> |
| Public note | View the executive summary free of charge at www.spongenet.org... |
| 942 ## - ADDED ENTRY ELEMENTS (KOHA) | |
| Suppress in OPAC | 0 |
| Withdrawn status | Lost status | Source of classification or shelving scheme | Damaged status | Not for loan | Home library | Current library | Shelving location | Date acquired | Total Checkouts | Full call number | Barcode | Date last seen | Copy number | Price effective from | Koha item type |
|---|---|---|---|---|---|---|---|---|---|---|---|---|---|---|---|
| Dewey Decimal Classification | Virtual | Virtual | Online | 08/02/2007 | ONLINE PUBLICATION | 136574-1001 | 06/08/2019 | 1 | 06/08/2019 | Journal article |